God's word for a Jr. High world. Teachings of Jesus (Record no. 7145)

MARC details
000 -LEADER
fixed length control field 00730nam a2200217Ia 4500
003 - CONTROL NUMBER IDENTIFIER
control field GBCCL
005 - DATE AND TIME OF LATEST TRANSACTION
control field 20241126110621.0
008 - FIXED-LENGTH DATA ELEMENTS--GENERAL INFORMATION
fixed length control field 180713b ||||| |||| 00| 0 eng d
020 ## - INTERNATIONAL STANDARD BOOK NUMBER
International Standard Book Number 0830724095
020 ## - INTERNATIONAL STANDARD BOOK NUMBER
International Standard Book Number 9780830724093
040 ## - CATALOGING SOURCE
Transcribing agency gbc
082 ## - DEWEY DECIMAL CLASSIFICATION NUMBER
Classification number 268.432
Item number PUL
245 ## - TITLE STATEMENT
Title God's word for a Jr. High world. Teachings of Jesus
Statement of responsibility, etc. Tim Baker, author ; Kara Eckmann Powell, general editor.
260 ## - PUBLICATION, DISTRIBUTION, ETC.
Place of publication, distribution, etc. Ventura :
Name of publisher, distributor, etc. Gospel Light,
Date of publication, distribution, etc. ©1999
300 ## - PHYSICAL DESCRIPTION
Extent 94 pages : illustrations ;
Dimensions 28 cm
440 ## - SERIES STATEMENT/ADDED ENTRY--TITLE
Title Pulse 4
9 (RLIN) 12637
650 ## - SUBJECT ADDED ENTRY--TOPICAL TERM
Topical term or geographic name entry element Jesus Christ -- Parables -- Study and teaching.
9 (RLIN) 12638
650 ## - SUBJECT ADDED ENTRY--TOPICAL TERM
Topical term or geographic name entry element Jesus Christ -- Teachings.
9 (RLIN) 12639
650 ## - SUBJECT ADDED ENTRY--TOPICAL TERM
Topical term or geographic name entry element Bible. -- Gospels -- Study and teaching.
9 (RLIN) 12636
942 ## - ADDED ENTRY ELEMENTS (KOHA)
Source of classification or shelving scheme Dewey Decimal Classification
Koha item type Books
Holdings
Withdrawn status Lost status Source of classification or shelving scheme Damaged status Not for loan Home library Current Library Shelving location Date acquired Total checkouts Full call number Barcode Date last seen Copy number Price effective from Koha item type
    Dewey Decimal Classification     GRACE BIBLE COLLEGE GRACE BIBLE COLLEGE Ministry & Mission 2018-07-13   268.432 PUL 013339 2025-05-01 v.4 c.1 2018-07-13 Books
    Dewey Decimal Classification     GRACE BIBLE COLLEGE GRACE BIBLE COLLEGE Ministry & Mission 2018-07-16   268.432 PUL 013410 2025-05-01 v.4 c.2 2018-07-16 Books
    Dewey Decimal Classification     GRACE BIBLE COLLEGE GRACE BIBLE COLLEGE Ministry & Mission 2018-07-16   268.432 PUL 013411 2025-05-01 v.4 c.3 2018-07-16 Books
© Grace Bible College Library 2025